| 000 | 00964nam a22002895a 4500 | ||
|---|---|---|---|
| 005 | 20161119112135.0 | ||
| 008 | 161031t2006 enka frb 001 0 eng d | ||
| 020 | _a9780470015544 | ||
| 020 | _a0470015543 | ||
| 040 |
_aEG-ScBUE _beng _cEG-ScBUE _dEG-ScBUE |
||
| 041 | 1 |
_aeng _hger |
|
| 082 | 0 | 4 |
_a006.76 _bKAP _222 |
| 245 | 0 | 0 |
_aWeb engineering : _bthe discipline of systematic development of web applications / _cedited by Gerti Kappel ... [et al.] |
| 260 |
_aWest Sussex : _bJohn Wiley & Sons, _cc.2006. |
||
| 300 |
_axvii, 366 p. : _bill. ; _c25 cm. |
||
| 500 | _aIndex : p. 359-366. | ||
| 500 | _aGlossary : p. 317-327. | ||
| 504 | _aBibliography : p. 337-355. | ||
| 546 | _aText in English ; translated from original German. | ||
| 590 | _aSuzan Ashmawy | ||
| 650 | 7 |
_aWeb site development. _2BUEsh |
|
| 650 | 7 |
_aWeb services. _2BUEsh |
|
| 651 | _2BUEsh | ||
| 653 |
_bCOMSCI _cOctober2016 |
||
| 700 | 1 |
_aKappel, Gerti, _eeditor. |
|
| 942 | _2ddc | ||
| 999 |
_c22940 _d22912 |
||